000 00752nam a22002297a 4500
003 UA-OsUOA
001 47097
007 ta
008 20120531b un ||||| |||| 00| 0 ukr d
090 _a082
_bИ99
942 _cBK
040 _aUA-OsUOA
_bukr
_cUA-OsUOA
_dUA-OsUOA
245 _aІ. Франко й франкіяна на Заході. Статті й матеріяли з приводу століття народин 1856-1956.
300 _a230 с.
955 _a1
041 _aukr
080 _a082
260 _aВінніпег
_c1957
650 7 _a08 Видання. Колективні праці
_2UDC
999 _c427220
_d427220